[Event "SLO-chT U20"]
[Site "Nova Gorica"]
[Date "2009.08.27"]
[Round "9"]
[White "Gaberscek, Domen"]
[Black "Rifelj, Luka"]
[Result "0-1"]
[WhiteElo "1510"]
[BlackElo "1846"]
[PlyCount "54"]
[EventDate "2009.08.22"]
[EventType "team-tourn"]
[EventRounds "9"]
[EventCountry "SLO"]
[SourceTitle "CBM 132 Extra"]
[Source "ChessBase"]
[SourceDate "2009.11.03"]
[SourceVersion "1"]
[SourceVersionDate "2009.11.03"]
[SourceQuality "1"]

1. e4 c5 2. Nf3 d6 3. d4 cxd4 4. Nxd4 Nf6 5. Nc3 a6 6. Bc4 e6 7. Bg5 Be7 8. 0-0 0-0 9. Bb3 h6 10. Bh4 b5 11. a3 Qb6 12. Kh1 Nbd7 13. f4 Bb7 14. Nxe6 fxe6 15. Bxe6+ Rf7 16. Bxf7+ Kxf7 17. Nd5 Nxd5 18. exd5 Bxh4 19. Qh5+ Kg8 20. Qxh4 Nf6 21. Rad1 Bxd5 22. Qh3 Re8 23. Qd3 Bc4 24. Qc3 Bxf1 25. Rxf1 Qc5 26. Qd3 Ne4 27. Qb3+ d5 0-1

[Event "SLO-chT U20"]
[Site "Nova Gorica"]
[Date "2009.08.24"]
[Round "4"]
[White "Gaberscek, Domen"]
[Black "Zavrtanik, Uros"]
[Result "0-1"]
[WhiteElo "1510"]
[BlackElo "1557"]
[PlyCount "64"]
[EventDate "2009.08.22"]
[EventType "team-tourn"]
[EventRounds "9"]
[EventCountry "SLO"]
[SourceTitle "CBM 132 Extra"]
[Source "ChessBase"]
[SourceDate "2009.11.03"]
[SourceVersion "1"]
[SourceVersionDate "2009.11.03"]
[SourceQuality "1"]

1. e4 c5 2. Nf3 Nc6 3. Nc3 g6 4. d4 cxd4 5. Nxd4 Bg7 6. Be3 Nf6 7. Bd3 d5 8. exd5 Nxd5 9. Be4 Nxe3 10. Bxc6+ bxc6 11. fxe3 Qb6 12. Na4 Qa5+ 13. c3 c5 14. Ne2 Bd7 15. b3 Bxa4 16. bxa4 Bxc3+ 17. Nxc3 Qxc3+ 18. Ke2 Rd8 19. Qc1 Qd3+ 20. Kf2 Qf5+ 21. Kg3 h5 22. h3 h4+ 23. Kh2 Qe5+ 24. Kg1 Rb8 25. Rb1 Rxb1 26. Qxb1 Qxe3+ 27. Kf1 0-0 28. Qe1 Qf4+ 29. Kg1 Rd8 30. Rh2 Rd2 31. g3 Qd4+ 32. Kh1 Rd1 0-1

[Event "SLO-chT U20"]
[Site "Nova Gorica"]
[Date "2009.08.23"]
[Round "3"]
[White "Jordan, Marko"]
[Black "Gaberscek, Domen"]
[Result "1-0"]
[WhiteElo "1559"]
[BlackElo "1510"]
[PlyCount "89"]
[EventDate "2009.08.22"]
[EventType "team-tourn"]
[EventRounds "9"]
[EventCountry "SLO"]
[SourceTitle "CBM 132 Extra"]
[Source "ChessBase"]
[SourceDate "2009.11.03"]
[SourceVersion "1"]
[SourceVersionDate "2009.11.03"]
[SourceQuality "1"]

1. e4 e5 2. Nf3 Nc6 3. Bc4 Bc5 4. Nc3 Nf6 5. d3 h6 6. Be3 Bb6 7. Qd2 d6 8. 0-0-0 Qe7 9. h3 Be6 10. Bxe6 fxe6 11. d4 exd4 12. Nxd4 Bxd4 13. Bxd4 0-0-0 14. Bxf6 Qxf6 15. f4 Rhf8 16. Rhf1 g5 17. f5 exf5 18. Rxf5 Qe6 19. Rdf1 Qe7 20. Nd5 Qg7 21. Qf2 Rxf5 22. Qxf5+ Kb8 23. Qf7 Qxf7 24. Rxf7 Rc8 25. Rh7 Ne5 26. Rxh6 c6 27. Ne7 Re8 28. Nf5 d5 29. Nd6 Rf8 30. exd5 cxd5 31. Rh7 b6 32. Rb7+ Ka8 33. Re7 Ng6 34. Rg7 Nf4 35. Rxg5 d4 36. Rf5 Rxf5 37. Nxf5 Nxg2 38. Nxd4 Nh4 39. b4 Kb7 40. Kb2 a6 41. a4 Kc7 42. Kb3 Kd6 43. c4 Ke5 44. Nc6+ Kd6 45. Nb8 1-0

[Event "SLO-chT U20 17th"]
[Site "Murska Sobota"]
[Date "2008.08.26"]
[Round "2.3"]
[White "Skrinjar, Matic"]
[Black "Gaberscek, Domen"]
[Result "1-0"]
[WhiteElo "1867"]
[BlackElo "1524"]
[PlyCount "83"]
[EventDate "2008.08.30"]
[EventType "team-tourn"]
[EventRounds "7"]
[EventCountry "SLO"]
[SourceTitle "EXT 2010"]
[Source "ChessBase"]
[SourceDate "2010.11.25"]
[SourceVersion "1"]
[SourceVersionDate "2010.11.25"]
[SourceQuality "1"]
[WhiteTeam "Nova Gorica"]
[BlackTeam "Hidria Tolmin"]
[WhiteTeamCountry "SLO"]
[BlackTeamCountry "SLO"]

1. e4 e5 2. Nf3 Nc6 3. d4 exd4 4. Bc4 Bc5 5. c3 Nf6 6. Bg5 d6 7. cxd4 Bb4+ 8. Nc3 Bxc3+ 9. bxc3 Qe7 10. 0-0 0-0 11. Re1 Na5 12. e5 dxe5 13. dxe5 Nxc4 14. exf6 Qd6 15. fxg7 Kxg7 16. Be7 Qxd1 17. Bxf8+ Kxf8 18. Raxd1 Bg4 19. Rd4 Bxf3 20. Rxc4 Bc6 21. Rd4 b5 22. f3 a5 23. a3 Rb8 24. Kf2 f6 25. Re6 Rb6 26. Rxf6+ Kg7 27. Rf5 Be8 28. Re5 Bf7 29. Re7 c5 30. Rf4 Rf6 31. Rxf6 Kxf6 32. Ra7 a4 33. Rb7 Be8 34. Rc7 c4 35. Rxh7 Ke6 36. Ke3 Kd5 37. Rg7 b4 38. Rg5+ Kd6 39. cxb4 Bf7 40. Kd4 Ke7 41. Rg7 Kf6 42. Rxf7+ 1-0

[Event "SLO-chT U20"]
[Site "Murska Sobota"]
[Date "2007.08.30"]
[Round "8"]
[White "Gaberscek, Domen"]
[Black "Grosar, Gari"]
[Result "1/2-1/2"]
[WhiteElo "1500"]
[BlackElo "1771"]
[PlyCount "96"]
[EventDate "2007.08.25"]
[EventType "team-swiss"]
[EventRounds "9"]
[EventCountry "SLO"]
[SourceTitle "CBM 120 Extra"]
[Source "ChessBase"]
[SourceDate "2007.11.01"]
[SourceVersion "1"]
[SourceVersionDate "2007.11.01"]
[SourceQuality "1"]

1. e4 e5 2. Nf3 Nc6 3. Nc3 Bc5 4. Bb5 a6 5. Bxc6 dxc6 6. 0-0 Bg4 7. h3 h5 8. d3 Bxf3 9. Qxf3 Qf6 10. Qxf6 Nxf6 11. Be3 Bxe3 12. fxe3 0-0-0 13. b4 b5 14. a4 Kb7 15. axb5 axb5 16. Ra5 Ra8 17. Rfa1 Nd7 18. d4 Rxa5 19. Rxa5 Ra8 20. Rxa8 Kxa8 21. d5 Kb7 22. dxc6+ Kxc6 23. Nd5 Kd6 24. Kf2 c6 25. Nc3 Nb6 26. Kg3 Nc4 27. Nd1 c5 28. c3 Nd2 29. Nf2 g5 30. h4 g4 31. bxc5+ Kxc5 32. Nxg4 Nxe4+ 33. Kf3 Ng5+ 34. hxg5 e4+ 35. Kxe4 hxg4 36. Ke5 Kc4 37. Kf6 Kxc3 38. Kxf7 b4 39. g6 b3 40. g7 b2 41. g8Q b1Q 42. Qh8+ Kd2 43. Qd4+ Ke2 44. Qxg4+ Kxe3 45. Qf3+ Kd4 46. Qf4+ Kd5 47. Qf3+ Kd4 48. Qf4+ Kd5 1/2-1/2

[Event "SLO-chT U20"]
[Site "Murska Sobota"]
[Date "2007.08.29"]
[Round "6"]
[White "Gaberscek, Domen"]
[Black "Dolenc, Anja"]
[Result "1-0"]
[WhiteElo "1500"]
[BlackElo "1500"]
[PlyCount "103"]
[EventDate "2007.08.25"]
[EventType "team-swiss"]
[EventRounds "9"]
[EventCountry "SLO"]
[SourceTitle "CBM 120 Extra"]
[Source "ChessBase"]
[SourceDate "2007.11.01"]
[SourceVersion "1"]
[SourceVersionDate "2007.11.01"]
[SourceQuality "1"]

1. e4 e5 2. Nf3 Nc6 3. Nc3 Nf6 4. d4 d6 5. Bb5 Qe7 6. d5 a6 7. Bxc6+ bxc6 8. dxc6 Be6 9. Bg5 h6 10. Bh4 Qd8 11. Nd5 Bxd5 12. exd5 Be7 13. c4 Ng8 14. Bxe7 Nxe7 15. 0-0 0-0 16. Nd2 Nf5 17. Re1 Qf6 18. Qg4 Nd4 19. Rac1 Rab8 20. b3 a5 21. Re3 Ra8 22. Ne4 Qf5 23. Qxf5 Nxf5 24. Ree1 Nd4 25. Nc3 Rfb8 26. Na4 f5 27. c5 Ra6 28. f4 e4 29. Rc4 Nb5 30. g4 Na3 31. Rcc1 g6 32. gxf5 gxf5 33. Re3 Kf7 34. Rg3 Nb5 35. h4 Nd4 36. Kf2 h5 37. Rg5 Kf6 38. Rxh5 Nf3 39. Rh7 Rc8 40. Rd7 dxc5 41. Nxc5 Rb6 42. Ne6 Nxh4 43. Rxc7 Rxc7 44. Nxc7 Ke7 45. Na8 Rb8 46. c7 Rxa8 47. c8Q Rxc8 48. Rxc8 Kd7 49. Rc5 Ng6 50. Ke3 Kd6 51. Rc6+ Ke7 52. Rxg6 1-0

[Event "SLO-chT U20"]
[Site "Murska Sobota"]
[Date "2007.08.25"]
[Round "1"]
[White "Gaberscek, Domen"]
[Black "Kozarski, Lara"]
[Result "0-1"]
[WhiteElo "1500"]
[BlackElo "1656"]
[PlyCount "212"]
[EventDate "2007.08.25"]
[EventType "team-swiss"]
[EventRounds "9"]
[EventCountry "SLO"]
[SourceTitle "CBM 120 Extra"]
[Source "ChessBase"]
[SourceDate "2007.11.01"]
[SourceVersion "1"]
[SourceVersionDate "2007.11.01"]
[SourceQuality "1"]

1. e4 e5 2. Nf3 Nc6 3. Nc3 Nf6 4. d4 exd4 5. Nxd4 d6 6. Nxc6 bxc6 7. Bd3 Be7 8. 0-0 0-0 9. h3 Bb7 10. Re1 Qd7 11. Bf4 Rad8 12. Qd2 Rfe8 13. Rad1 Qc8 14. Qe2 Nd7 15. Qg4 Ne5 16. Qg3 Qe6 17. b3 Bf6 18. Na4 Be7 19. Nb2 Bf6 20. Nc4 Ng6 21. Qe3 Bc3 22. Re2 Bb4 23. Bg3 Bc5 24. Qf3 Ba6 25. Na5 Ne5 26. Bxe5 dxe5 27. Rf1 Bxd3 28. cxd3 Bb6 29. Nc4 Rd7 30. Rc2 Red8 31. Rd1 f6 32. Na3 Rd4 33. Rc4 Qd6 34. Rxd4 Qxd4 35. Nc4 Qd7 36. Qg3 Qd4 37. Qe3 Qd7 38. Qe2 Qe7 39. Qc2 Qc5 40. Ne3 Qb5 41. Nf5 Kf7 42. Qc4+ Qxc4 43. bxc4 g6 44. Ng3 Ke6 45. Ne2 Bc5 46. Nc1 Rb8 47. Nb3 Kd6 48. Kf1 Rb4 49. Ke2 Ra4 50. Rd2 Rb4 51. g3 g5 52. h4 h6 53. hxg5 hxg5 54. Rd1 Ra4 55. Rd2 Rb4 56. Kd1 Rb8 57. f3 Rh8 58. Kc2 Rh3 59. Rg2 Bb4 60. Kd1 Rh1+ 61. Ke2 Re1+ 62. Kf2 Rh1 63. f4 gxf4 64. gxf4 exf4 65. Rg4 Rh2+ 66. Kf3 Rxa2 67. Rxf4 Ke6 68. Nd4+ Kd7 69. Kg4 Be7 70. Kf5 Ra5+ 71. Kg6 Rg5+ 72. Kf7 c5 73. Ne6 Rg3 74. Nxc7 Kxc7 75. Kxe7 Rxd3 76. Kxf6 Rd4 77. Ke5 Rxc4 78. Kd5 Rc1 79. Rf7+ Kb6 80. e5 Rd1+ 81. Kc4 Rd4+ 82. Kc3 Re4 83. Rf6+ Kc7 84. e6 Kd6 85. Rf7 a5 86. Rf8 Kxe6 87. Rc8 Kd6 88. Ra8 a4 89. Kb2 Kd5 90. Kc3 Re3+ 91. Kb2 Re4 92. Kc3 Rh4 93. Rd8+ Kc6 94. Rd3 Kb5 95. Rd2 Rh3+ 96. Kb2 Kb4 97. Ka2 a3 98. Rc2 Rd3 99. Rc1 Rd2+ 100. Ka1 c4 101. Rb1+ Kc3 102. Rc1+ Kb3 103. Re1 c3 104. Rf1 Ra2+ 105. Kb1 c2+ 106. Kc1 Ra1+ 0-1